Представление документа в формате RUSMARC

ПолеНазваниеЗначение
  Тип записи a
  Библиографический уровень m
001 Контрольный номер RU/REG73/CBS_GRAD/1/712796785
005 Дата корректировки 20221122154847.0
010 Индекс ISBN __
a ISBN 978-5-7584-0441-6
101 Язык документа __
a Язык текста rus
200 Заглавие и сведения об ответственности __
a Заглавие Мир комиксов: протообразы, японская манга, кинокомикс
f Первые сведения об ответственности редактор-составитель Ю.А. Магера
b Общее обозначение материала Текст
203 Вид содержания и тип средства __
a Вид содержания Текст (визуальный) : непосредственный
210 Выходные данные __
a Место издания Москва; Екатеринбург
c Издательство Фабрика комиксов
d Дата издания 2019
215 Физическое описание __
a Объем 240 с.
686 Индексы других классификаций __
a Классификационный индекс 83.3
801 Источник записи _0
a Страна RU
b Организация RuCBSGrad
g Правила каталогизации PSBO
801 Источник записи _1
a Страна RU
b Организация RuCBSGrad
g Правила каталогизации PSBO
901 Тип документа __
t Тип документа m
981 __
b i
2 isbdcontent
g e
982 __
b n
2 isbdmedia
993 __
a 143316
b 39754
e 286222
f ЦГБ
h 728.04
i 286222
m 1
n 44775
o I
x 1
y 6